000
00303nam a22001457a 4500
008
230913b ||||| |||| 00| 0 eng d
020
_a
902770886
041
_a
eng
080
_a
521
082
_a
521HEI
100
_a
19
101
_a
ASTRO
245
_a
DOUBLE STARS
_c
HEINTZ.D.W
942
_2
udc
_c
BK
999
_c
60360
_d
60360